000 00346nam a2200145 i 4500
001 bg
245 0 _aFunctional analysis and optimization.
260 _aNew York :
_bAcademic Press,
_c1966.
300 _as. 224 :
_bil.
040 _cBPK
041 _apol
080 _a517.98:519.8
942 _cKS
008 s pl f |000 0 pol
999 _c11881
_d11881
856 _uhttp://koha.tu.koszalin.pl/cgi-bin/koha/opac-detail.pl?biblionumber=11881
_yKatalog online BPK